[Event "TOP 16 B group"]
[Site "BELFORT"]
[Date "????.??.??"]
[Round "2.22"]
[White "Girel, Joseph"]
[Black "Savina, Anastasia"]
[Result "1/2-1/2"]
[WhiteElo "2498"]
[BlackElo "2332"]
[PlyCount "81"]
[EventDate "2025.05.??"]
[WhiteTeam "MARSEILLE"]
[BlackTeam "VANDOEUVRE"]
[WhiteTeamCountry "FRA"]
[BlackTeamCountry "FRA"]

1. d4 Nf6 2. c4 g6 3. Nc3 Bg7 4. e4 d6 5. Nf3 O-O 6. Bd3 Bg4 7. Be2 a6 8. O-O
c5 9. d5 e6 10. h3 Bxf3 11. Bxf3 exd5 12. exd5 Nbd7 13. a4 Ne8 14. Bd2 f5 15.
g3 Ne5 16. Be2 g5 17. f4 gxf4 18. gxf4 Qh4 19. Kh2 Kh8 20. Qe1 Qh6 21. Ra3 Ng6
22. Bd3 Nh4 23. Qg3 Bf6 24. Rg1 Ng7 25. Ne2 Nh5 26. Qf2 Rg8 27. Raa1 Rae8 28.
Raf1 Rxg1 29. Rxg1 Qf8 30. b4 b6 31. Kh1 Qe7 32. Re1 Qg7 33. Rg1 Qe7 34. Re1
Qg7 35. a5 bxa5 36. bxc5 dxc5 37. Rg1 Qe7 38. Re1 Qg7 39. Rg1 Qe7 40. Re1 Qg7
41. Rg1 1/2-1/2

[Event "TOP 16 B group"]
[Site "BELFORT"]
[Date "????.??.??"]
[Round "2.23"]
[White "Pourquet, Matthieu"]
[Black "Degraeve, Remy"]
[Result "1/2-1/2"]
[WhiteElo "2298"]
[BlackElo "2403"]
[PlyCount "232"]
[EventDate "2025.05.??"]
[WhiteTeam "VANDOEUVRE"]
[BlackTeam "MARSEILLE"]
[WhiteTeamCountry "FRA"]
[BlackTeamCountry "FRA"]

1. Nf3 d5 2. g3 Nf6 3. Bg2 e6 4. O-O Be7 5. c4 O-O 6. d4 dxc4 7. Qc2 a6 8. a4
Bd7 9. Qxc4 Bc6 10. Bg5 Nbd7 11. a5 Bd5 12. Qd3 c5 13. Nc3 Bc6 14. Rfd1 cxd4
15. Qxd4 h6 16. Be3 Qe8 17. h3 Bc5 18. Qd2 Qe7 19. Ne1 Bxg2 20. Kxg2 Ne5 21.
Bxc5 Qxc5 22. Qd4 Qxd4 23. Rxd4 Rfd8 24. Rxd8+ Rxd8 25. f4 Nc6 26. Nd3 Kf8 27.
Kf2 Ke7 28. Ra4 g6 29. Nc5 Rb8 30. e4 Nd7 31. Nd3 Rc8 32. Ke3 g5 33. Ne2 gxf4+
34. gxf4 Rg8 35. Kf2 Kd6 36. e5+ Ke7 37. Nd4 Nxd4 38. Rxd4 Rc8 39. Rb4 Rc7 40.
Kf3 Nb8 41. Ke4 Nc6 42. Rc4 Kd8 43. b4 Ne7 44. Kd4 Nf5+ 45. Kc3 Ne3 46. Rxc7
Kxc7 47. Kd4 Nd5 48. Kc5 Nc3 49. Kc4 Ne2 50. Kc5 Ng1 51. Nf2 h5 52. b5 h4 53.
Kc4 Ne2 54. Nd3 Ng3 55. Kc5 axb5 56. Kxb5 Ne4 57. Kc4 Kc6 58. Nb4+ Kd7 59. Nd3
Kc7 60. Kd4 Nd2 61. Kc5 Nb3+ 62. Kb4 Nd4 63. Kc5 Ne2 64. Kb5 Nc3+ 65. Kc4 Nd5
66. Kc5 Ne7 67. Kb5 Nc6 68. Nf2 Kb8 69. Nd3 Kc7 70. Nf2 Nd4+ 71. Kc4 Ne2 72.
Nd3 Ng1 73. Nf2 Kc6 74. Kb4 Nf3 75. Kc4 Nd2+ 76. Kc3 Nf1 77. Ne4 Ne3 78. Ng5
Nd5+ 79. Kd4 Nxf4 80. Nxf7 Nxh3 81. Nd8+ Kd7 82. Nxb7 Nf4 83. Nc5+ Kc6 84. Ne4
h3 85. Nf2 h2 86. Ke4 Ng6 87. Kf3 Nxe5+ 88. Kg2 Nc4 89. Kxh2 Nxa5 90. Kg3 Kd5
91. Kf3 Kd4 92. Ke2 Nb3 93. Ng4 Nc1+ 94. Kd2 Nd3 95. Ke2 Nf4+ 96. Kf3 Nd5 97.
Ke2 Nc3+ 98. Kd2 Ne4+ 99. Ke2 Ng5 100. Kd2 Ke4 101. Ke2 Nh3 102. Nf6+ Kd4 103.
Nd7 Nf4+ 104. Kf3 Nd5 105. Ke2 Nc3+ 106. Kd2 Ne4+ 107. Ke2 Ng3+ 108. Kd2 Nh5
109. Ke2 Ng3+ 110. Kd2 Nf5 111. Ke2 Nh6 112. Nf8 e5 113. Nd7 e4 114. Nf6 e3
115. Nd5 Kxd5 116. Kxe3 Ke5 1/2-1/2

[Event "TOP 16 B group"]
[Site "BELFORT"]
[Date "????.??.??"]
[Round "2.24"]
[White "Delorme, Laurie"]
[Black "Vallee, Louis"]
[Result "0-1"]
[WhiteElo "2070"]
[BlackElo "2253"]
[PlyCount "60"]
[EventDate "2025.05.??"]
[WhiteTeam "MARSEILLE"]
[BlackTeam "VANDOEUVRE"]
[WhiteTeamCountry "FRA"]
[BlackTeamCountry "FRA"]

1. d4 Nf6 2. c4 g6 3. Nc3 d5 4. cxd5 Nxd5 5. e4 Nxc3 6. bxc3 Bg7 7. Nf3 c5 8.
Bb5+ Nd7 9. O-O O-O 10. Bf4 a6 11. Bd3 b5 12. a4 b4 13. cxb4 cxd4 14. Qc1 Bb7
15. Qc7 Qxc7 16. Bxc7 Rfc8 17. Rac1 e5 18. Rfe1 f6 19. b5 Kf7 20. b6 Ke8 21.
Bc4 Bh6 22. Bd5 Bxd5 23. exd5 Nxb6 24. Rc6 Nxd5 25. Nxe5 fxe5 26. Rxe5+ Kd7 27.
Rd6+ Kxc7 28. Rdxd5 Rd8 29. Rc5+ Kb8 30. Rc4 Ra7 0-1

[Event "TOP 16 B group"]
[Site "BELFORT"]
[Date "????.??.??"]
[Round "2.25"]
[White "Van Wely, Loek"]
[Black "Bacrot, Etienne"]
[Result "1/2-1/2"]
[WhiteElo "2609"]
[BlackElo "2633"]
[PlyCount "66"]
[EventDate "2025.05.??"]
[WhiteTeam "CLICHY"]
[BlackTeam "AIX EN PROVENCE"]
[WhiteTeamCountry "FRA"]
[BlackTeamCountry "FRA"]

1. d4 d5 2. c4 dxc4 3. e4 e5 4. Nf3 exd4 5. Bxc4 Nc6 6. O-O Be6 7. Nbd2 Be7 8.
Bb5 Nf6 9. e5 Nd7 10. Nb3 Bd5 11. Bxc6 Bxc6 12. Nbxd4 Bxf3 13. Qxf3 Nxe5 14.
Qxb7 O-O 15. Be3 Bf6 16. Rad1 Qb8 17. Qxb8 Rfxb8 18. b3 c5 19. Nf3 Nxf3+ 20.
gxf3 Rb5 21. Rd5 Be7 22. Rc1 Bf8 23. Rc4 h6 24. Kf1 Ra5 25. a4 Rb8 26. Bf4 Re8
27. Rd7 Ra6 28. Be3 Rb8 29. Bxc5 Bxc5 30. Rxc5 Rxb3 31. Rc8+ Kh7 32. Rxf7 Rb1+
33. Kg2 Ra1 1/2-1/2

[Event "TOP 16 B group"]
[Site "BELFORT"]
[Date "????.??.??"]
[Round "2.26"]
[White "Cheparinov, Ivan"]
[Black "Amin, Bassem"]
[Result "1/2-1/2"]
[WhiteElo "2641"]
[BlackElo "2649"]
[PlyCount "58"]
[EventDate "2025.05.??"]
[WhiteTeam "AIX EN PROVENCE"]
[BlackTeam "CLICHY"]
[WhiteTeamCountry "FRA"]
[BlackTeamCountry "FRA"]

1. e4 e5 2. Nf3 Nc6 3. Bb5 Nf6 4. d3 Bc5 5. Bxc6 dxc6 6. Nbd2 Be6 7. O-O Bd6 8.
a4 O-O 9. a5 c5 10. b3 b5 11. axb6 axb6 12. Bb2 Nd7 13. Rxa8 Qxa8 14. Ng5 Qe8
15. Qe2 Nb8 16. f4 exf4 17. e5 Bf5 18. Rxf4 Bg6 19. Rf2 Be7 20. Nh3 Qd7 21. Nf4
Nc6 22. e6 fxe6 23. Nxg6 hxg6 24. Rxf8+ Bxf8 25. Qe4 Nb4 26. Nc4 Qd5 27. Qxg6
Qf5 28. Qxf5 exf5 29. Na3 c6 1/2-1/2

[Event "TOP 16 B group"]
[Site "BELFORT"]
[Date "????.??.??"]
[Round "2.27"]
[White "Gurel, Ediz"]
[Black "Yuffa, Daniil"]
[Result "1-0"]
[WhiteElo "2636"]
[BlackElo "2655"]
[PlyCount "179"]
[EventDate "2025.05.??"]
[WhiteTeam "CLICHY"]
[BlackTeam "AIX EN PROVENCE"]
[WhiteTeamCountry "FRA"]
[BlackTeamCountry "FRA"]

1. e4 e6 2. d4 d5 3. Nc3 Bb4 4. e5 c5 5. a3 Bxc3+ 6. bxc3 Ne7 7. Qg4 Qc7 8. Bd3
c4 9. Be2 Qa5 10. Bd2 Rg8 11. h4 Bd7 12. Nf3 Ba4 13. Ra2 Nbc6 14. h5 h6 15. O-O
O-O-O 16. Nh4 Rdf8 17. Rd1 Qd8 18. Qh3 Kb8 19. Bg4 Ka8 20. f4 Qe8 21. Rf1 Rh8
22. f5 exf5 23. Nxf5 Nxf5 24. Bxf5 Ne7 25. Bg4 f6 26. exf6 Rxf6 27. Rxf6 gxf6
28. Qe3 Bd7 29. Bf3 Rg8 30. Ra1 Bg4 31. Bxg4 Rxg4 32. Qf3 f5 33. Bxh6 Qxh5 34.
Bf8 Qe8 35. Bxe7 Qxe7 36. Qxf5 Rg8 37. Qe5 Qh4 38. Rf1 a6 39. Qxd5 Rh8 40. Qxc4
Qh2+ 41. Kf2 Kb8 42. Qd3 Ka7 43. d5 Rf8+ 44. Ke1 Qe5+ 45. Kd1 Rxf1+ 46. Qxf1
Qxd5+ 47. Kc1 Qc5 48. Kb2 Qb6+ 49. Ka2 Qe6+ 50. Ka1 Qe3 51. Kb2 Qb6+ 52. Ka2
Qe6+ 53. c4 Qg4 54. Qf2+ Ka8 55. Kb3 Qd1 56. Kb2 Qg4 57. Qf8+ Ka7 58. Qc5+ Ka8
59. Qd5 Qf4 60. Qd3 Qf6+ 61. Ka2 Qg5 62. g3 Qg4 63. Kb3 Qg5 64. Kb2 Qg4 65. Qc3
Qe4 66. Ka2 Qg4 67. Qd3 Qg5 68. Qf3 Qg6 69. Qf8+ Ka7 70. Qf2+ Ka8 71. Kb1 Qg7
72. Qf4 Qe7 73. Ka2 Qh7 74. Kb3 Qh1 75. Qf8+ Ka7 76. Kb2 Qh5 77. Qf2+ Ka8 78.
Qd4 Qg5 79. g4 Qg8 80. Qf4 Qh8+ 81. Kb1 Qh1+ 82. Ka2 Qh7 83. Qf8+ Ka7 84. Qf2+
Ka8 85. g5 Qe4 86. Qf8+ Ka7 87. Qc5+ Ka8 88. Kb2 Qg4 89. Qe5 Qg1 90. Qf6 1-0

[Event "TOP 16 B group"]
[Site "BELFORT"]
[Date "????.??.??"]
[Round "2.28"]
[White "Sadhwani, Raunak"]
[Black "Hamdouchi, Hicham"]
[Result "1-0"]
[WhiteElo "2672"]
[BlackElo "2525"]
[PlyCount "67"]
[EventDate "2025.05.??"]
[WhiteTeam "AIX EN PROVENCE"]
[BlackTeam "CLICHY"]
[WhiteTeamCountry "FRA"]
[BlackTeamCountry "FRA"]

1. e4 c5 2. Nf3 d6 3. d4 cxd4 4. Nxd4 Nf6 5. Nc3 Nc6 6. Bg5 e6 7. Qd2 a6 8.
O-O-O Bd7 9. Kb1 Be7 10. f3 Nxd4 11. Qxd4 b5 12. g4 Qc7 13. Be3 e5 14. Qd2 b4
15. Ne2 O-O 16. Ng3 Rfc8 17. g5 Ne8 18. h4 Be6 19. Bh3 Qd7 20. Bxe6 fxe6 21. f4
exf4 22. Bxf4 a5 23. Rhf1 Rc6 24. Be5 Bf8 25. Rf3 Nc7 26. Rdf1 Qe7 27. Bd4 Nb5
28. Be3 Qb7 29. Qf2 Be7 30. Rf7 Rac8 31. Bd4 Na3+ 32. bxa3 bxa3+ 33. Ka1 e5 34.
Nh5 1-0

[Event "TOP 16 B group"]
[Site "BELFORT"]
[Date "????.??.??"]
[Round "2.29"]
[White "Delorme, Axel"]
[Black "Gozzoli, Yannick"]
[Result "0-1"]
[WhiteElo "2475"]
[BlackElo "2567"]
[PlyCount "66"]
[EventDate "2025.05.??"]
[WhiteTeam "CLICHY"]
[BlackTeam "AIX EN PROVENCE"]
[WhiteTeamCountry "FRA"]
[BlackTeamCountry "FRA"]

1. e4 e5 2. Nf3 Nc6 3. d4 exd4 4. Nxd4 Nf6 5. Nxc6 bxc6 6. Bd3 d5 7. exd5 cxd5
8. O-O Be7 9. Re1 O-O 10. h3 Rb8 11. b3 Rb6 12. Nc3 c5 13. Bg5 h6 14. Rxe7 hxg5
15. Re5 Bb7 16. Rxg5 Ne4 17. Rh5 g6 18. Bxe4 gxh5 19. Nxd5 Bxd5 20. Qxd5 Qxd5
21. Bxd5 Rd6 22. c4 Re8 23. Kf1 h4 24. Rc1 Rf6 25. Rc3 Re5 26. Rd3 Rf4 27. g3
hxg3 28. Rxg3+ Kf8 29. Rc3 Ref5 30. Rc2 Rd4 31. a3 a5 32. Rb2 Kg7 33. Kg2 Kf6
0-1

[Event "TOP 16 B group"]
[Site "BELFORT"]
[Date "????.??.??"]
[Round "2.30"]
[White "Boyer, Mahel"]
[Black "Le Roux, Jean-Pierre"]
[Result "1/2-1/2"]
[WhiteElo "2521"]
[BlackElo "2475"]
[PlyCount "126"]
[EventDate "2025.05.??"]
[WhiteTeam "AIX EN PROVENCE"]
[BlackTeam "CLICHY"]
[WhiteTeamCountry "FRA"]
[BlackTeamCountry "FRA"]

1. d4 d5 2. c4 c5 3. e3 cxd4 4. exd4 Nf6 5. Nc3 Nc6 6. Nf3 g6 7. cxd5 Nxd5 8.
Bc4 Nb6 9. Bb3 Bg7 10. d5 Na5 11. O-O Bg4 12. h3 Bxf3 13. Qxf3 O-O 14. Bg5 h6
15. Bh4 Nxb3 16. axb3 Bxc3 17. bxc3 Qxd5 18. Qe3 g5 19. c4 Qe6 20. Qxe6 fxe6
21. Bg3 Nd7 22. Rfe1 Kf7 23. Re3 a5 24. Bc7 a4 25. Rf3+ Nf6 26. bxa4 Rfc8 27.
Be5 Rxc4 28. Rb1 Ra7 29. Bb8 Raxa4 30. Rxb7 Rab4 31. Rxb4 Rxb4 32. Be5 Rb1+ 33.
Kh2 Re1 34. Bxf6 exf6 35. g4 Re5 36. Kg3 Kg6 37. h4 gxh4+ 38. Kxh4 h5 39. gxh5+
Rxh5+ 40. Kg3 Rg5+ 41. Kh3 Kf7 42. Ra3 Rg8 43. Ra7+ Kf8 44. Ra8+ Kg7 45. Ra7+
Kg6 46. Kg4 Rb8 47. Ra6 Rb4+ 48. Kf3 Kf5 49. Kg3 Rg4+ 50. Kf3 Rg1 51. Ra5+ e5
52. Ke3 Re1+ 53. Kf3 Rb1 54. Kg3 Rg1+ 55. Kf3 Rc1 56. Kg3 Ke4 57. f3+ Kd3 58.
Ra3+ Kd4 59. Kg4 Rc6 60. Kf5 Rb6 61. Ra4+ Ke3 62. Ra3+ Kd4 63. Ra4+ Ke3 1/2-1/2

[Event "TOP 16 B group"]
[Site "BELFORT"]
[Date "????.??.??"]
[Round "2.31"]
[White "Belkaid, Sohan"]
[Black "Dalaud, Dorian"]
[Result "1-0"]
[WhiteElo "2348"]
[BlackElo "2308"]
[PlyCount "133"]
[EventDate "2025.05.??"]
[WhiteTeam "CLICHY"]
[BlackTeam "AIX EN PROVENCE"]
[WhiteTeamCountry "FRA"]
[BlackTeamCountry "FRA"]

1. e4 e5 2. Nf3 Nc6 3. Nc3 Nf6 4. Bb5 Bc5 5. O-O O-O 6. Bxc6 dxc6 7. d3 Bg4 8.
h3 Bh5 9. Be3 Bd6 10. Kh1 Nd7 11. g4 Bg6 12. Ne2 Re8 13. Ng3 Nf8 14. h4 h6 15.
h5 Bh7 16. g5 hxg5 17. Nxg5 Ne6 18. Nxh7 Qh4+ 19. Kg2 Kxh7 20. Nf5 Nf4+ 21.
Bxf4 Qxf4 22. Rh1 Be7 23. Rh3 Bg5 24. Rg3 Rg8 25. Qh1 Bh6 26. Qh3 Rae8 27. Rd1
g6 28. Nxh6 Qxh6 29. hxg6+ Rxg6 30. Qd7 Rxg3+ 31. fxg3 Qe6 32. Qxc7 Kg7 33. Rf1
Qe7 34. Qxe7 Rxe7 35. g4 Kg6 36. Kg3 c5 37. Rf5 Re6 38. a4 f6 39. g5 fxg5 40.
Kg4 Re7 41. a5 Re8 42. Rxg5+ Kf6 43. Rh5 Rg8+ 44. Kf3 Rg7 45. Rh8 Ke6 46. b3
Kd6 47. Rh6+ Kd7 48. Ke2 Rg2+ 49. Kd1 Rg1+ 50. Kd2 Ra1 51. Rh7+ Kc6 52. Re7
Rxa5 53. Rxe5 Ra1 54. Re6+ Kd7 55. Rh6 Rg1 56. Rh2 a5 57. Kc3 b5 58. Rh6 a4 59.
bxa4 bxa4 60. Ra6 Ra1 61. Kb2 Rh1 62. Rxa4 Kc6 63. Kb3 Kb5 64. Ra8 Rh2 65. Rb8+
Kc6 66. c3 Rh1 67. Kc4 1-0

[Event "TOP 16 B group"]
[Site "BELFORT"]
[Date "????.??.??"]
[Round "2.32"]
[White "Benmesbah, Natacha"]
[Black "Broly, Mathilde"]
[Result "1-0"]
[WhiteElo "2259"]
[BlackElo "2077"]
[PlyCount "137"]
[EventDate "2025.05.??"]
[WhiteTeam "AIX EN PROVENCE"]
[BlackTeam "CLICHY"]
[WhiteTeamCountry "FRA"]
[BlackTeamCountry "FRA"]

1. e4 e5 2. Nf3 Nc6 3. Bc4 Bc5 4. c3 Nf6 5. d4 exd4 6. cxd4 Bb4+ 7. Nbd2 d5 8.
exd5 Nxd5 9. O-O O-O 10. a3 Be7 11. Re1 Bg4 12. h3 Bh5 13. Ne4 Nb6 14. Ba2 Bxf3
15. Qxf3 Nxd4 16. Qc3 c5 17. Bd2 Rc8 18. Rad1 Rc6 19. Kh1 Na4 20. Qc1 Kh8 21.
Bf4 Bf6 22. Nxf6 Qxf6 23. Bd5 Rcc8 24. Bxb7 Rce8 25. Rxe8 Rxe8 26. Re1 Rxe1+
27. Qxe1 Ne6 28. Be5 Qd8 29. Qe4 Nb6 30. Ba6 Kg8 31. Bc3 Qd5 32. Qxd5 Nxd5 33.
Be5 Ndc7 34. Bc4 Kf8 35. Bd6+ Ke8 36. g4 Kd7 37. Bg3 f6 38. Kg2 Nd4 39. Kf1
Nce6 40. Bb8 a5 41. Bg3 Ng5 42. f4 Nge6 43. Kf2 Kc6 44. Ke3 Nc7 45. Ke4 Ne8 46.
Bd5+ Kb5 47. f5 Kb6 48. Bg8 Kc6 49. Bxh7 Nd6+ 50. Kd3 Nf7 51. Bf4 Nf3 52. Bg8
N3e5+ 53. Kc3 a4 54. Kc2 c4 55. Kc3 Kc5 56. Be3+ Kb5 57. Bd4 Nd6 58. Bd5 Nd7
59. Kd2 Nc5 60. Ke3 Nb3 61. h4 Na1 62. Bc3 Kc5 63. Be6 Kc6 64. h5 Nb3 65. g5
fxg5 66. Bxg7 Nc5 67. h6 Nxe6 68. fxe6 Nf5+ 69. Ke4 1-0

[Event "TOP 16 B group"]
[Site "BELFORT"]
[Date "????.??.??"]
[Round "3.1"]
[White "Albornoz Cabrera, Carlos Daniel"]
[Black "Demuth, Adrien"]
[Result "1-0"]
[WhiteElo "2548"]
[BlackElo "2524"]
[PlyCount "53"]
[EventDate "2025.05.??"]
[WhiteTeam "MARSEILLE"]
[BlackTeam "GRASSE"]
[WhiteTeamCountry "FRA"]
[BlackTeamCountry "FRA"]

1. e4 e6 2. d4 d5 3. Nd2 e5 4. Ngf3 exd4 5. exd5 Nf6 6. Bb5+ Bd7 7. Nxd4 Bxb5
8. Nxb5 Qe7+ 9. Qe2 Nxd5 10. Ne4 a6 11. Bg5 f6 12. O-O-O axb5 13. Rxd5 Kf7 14.
Re1 Rxa2 15. Nd6+ cxd6 16. Qh5+ g6 17. Rxe7+ Bxe7 18. Qf3 Nd7 19. Bh6 Ra1+ 20.
Kd2 Nc5 21. Rxc5 dxc5 22. Qd5+ Ke8 23. Qxb7 Bf8 24. Qxb5+ Ke7 25. Qxc5+ Kf7 26.
Qd5+ Ke7 27. Bf4 1-0

[Event "TOP 16 B group"]
[Site "BELFORT"]
[Date "????.??.??"]
[Round "3.2"]
[White "Lupulescu, Constantin"]
[Black "Santos Latasa, Jaime"]
[Result "1/2-1/2"]
[WhiteElo "2574"]
[BlackElo "2620"]
[PlyCount "27"]
[EventDate "2025.05.??"]
[WhiteTeam "GRASSE"]
[BlackTeam "MARSEILLE"]
[WhiteTeamCountry "FRA"]
[BlackTeamCountry "FRA"]

1. d4 Nf6 2. c4 e6 3. Nc3 Bb4 4. Qc2 d5 5. a3 Bxc3+ 6. Qxc3 O-O 7. Nf3 b6 8.
Bg5 dxc4 9. Qxc4 Ba6 10. Qa4 h6 11. Bh4 c5 12. dxc5 bxc5 13. Rd1 Qb6 14. Bxf6
1/2-1/2

[Event "TOP 16 B group"]
[Site "BELFORT"]
[Date "????.??.??"]
[Round "3.3"]
[White "Suleymanli, Aydin"]
[Black "Aryan Chopra"]
[Result "1/2-1/2"]
[WhiteElo "2617"]
[BlackElo "2620"]
[PlyCount "41"]
[EventDate "2025.05.??"]
[WhiteTeam "MARSEILLE"]
[BlackTeam "GRASSE"]
[WhiteTeamCountry "FRA"]
[BlackTeamCountry "FRA"]

1. e4 e5 2. Nf3 Nc6 3. Bc4 Bc5 4. c3 Nf6 5. d3 a6 6. a4 d6 7. O-O Ba7 8. Be3
Bxe3 9. fxe3 O-O 10. Nbd2 Ne7 11. d4 Ng6 12. a5 b5 13. axb6 cxb6 14. Qe2 a5 15.
Bb5 Bd7 16. Bxd7 Qxd7 17. Nc4 Qc7 18. Nfd2 b5 19. Na3 b4 20. cxb4 axb4 21. Qc4
1/2-1/2

[Event "TOP 16 B group"]
[Site "BELFORT"]
[Date "????.??.??"]
[Round "3.4"]
[White "Pranav, V."]
[Black "Laurent-Paoli, Pierre"]
[Result "1-0"]
[WhiteElo "2621"]
[BlackElo "2544"]
[PlyCount "81"]
[EventDate "2025.05.??"]
[WhiteTeam "GRASSE"]
[BlackTeam "MARSEILLE"]
[WhiteTeamCountry "FRA"]
[BlackTeamCountry "FRA"]

1. e4 c5 2. c3 Nf6 3. e5 Nd5 4. Bc4 e6 5. Nf3 d6 6. d4 cxd4 7. cxd4 Be7 8. O-O
O-O 9. Qe2 dxe5 10. dxe5 Bd7 11. Rd1 Bc6 12. Nd4 Qb6 13. Nc3 Nxc3 14. bxc3 Ba4
15. Re1 Nc6 16. Nf3 Rad8 17. Bd3 Qa5 18. Qe4 g6 19. Bh6 Rfe8 20. Bf1 Bb5 21.
Bxb5 Qxb5 22. Rab1 Qa6 23. Qf4 Rd5 24. h4 b5 25. Ng5 Bxg5 26. hxg5 f5 27. exf6
Nd8 28. c4 Rf5 29. Qc7 Nf7 30. Rxb5 Rxb5 31. cxb5 Qxb5 32. Rd1 e5 33. Rd7 Qb1+
34. Kh2 Qxa2 35. Re7 Ra8 36. Qc6 Rf8 37. Qe8 Nxh6 38. Rg7+ Kh8 39. Qxf8+ Ng8
40. Rxh7+ Kxh7 41. Qg7# 1-0

[Event "TOP 16 B group"]
[Site "BELFORT"]
[Date "????.??.??"]
[Round "3.5"]
[White "Girel, Joseph"]
[Black "Wirig, Anthony"]
[Result "1-0"]
[WhiteElo "2498"]
[BlackElo "2438"]
[PlyCount "128"]
[EventDate "2025.05.??"]
[WhiteTeam "MARSEILLE"]
[BlackTeam "GRASSE"]
[WhiteTeamCountry "FRA"]
[BlackTeamCountry "FRA"]

1. e4 c5 2. Nf3 a6 3. c3 d5 4. exd5 Qxd5 5. d4 e6 6. Be3 Nd7 7. g3 cxd4 8. Bxd4
Ngf6 9. Bg2 Qe4+ 10. Kf1 Qc6 11. Nbd2 Qc7 12. Qe2 b6 13. Ne5 Bb7 14. Re1 Nxe5
15. Bxe5 Bxg2+ 16. Kxg2 Qc6+ 17. Qf3 Qxf3+ 18. Nxf3 Be7 19. Rd1 O-O 20. Bxf6
Bxf6 21. Rd7 b5 22. Rhd1 h5 23. Nd2 b4 24. cxb4 Rfb8 25. a3 a5 26. b3 axb4 27.
a4 Kf8 28. Nc4 Be7 29. Ne5 Rc8 30. Rb7 Ra5 31. Nc6 Rxc6 32. Rb8+ Bd8 33. Rbxd8+
Ke7 34. R1d7+ Kf6 35. Rf8 Rc3 36. Rfxf7+ Ke5 37. Rxg7 Rd5 38. Rb7 Rxb3 39. Rb6
Kd4 40. Rxe6 Ra3 41. Re1 Kc3 42. Rc7+ Kb2 43. Re2+ Kb1 44. Kh3 Rc3 45. Rb7 b3
46. f4 Kc1 47. Kh4 Rc2 48. Re1+ Kb2 49. h3 Ka2 50. Rb5 Rxb5 51. axb5 Rc5 52. b6
b2 53. b7 Rb5 54. f5 Rxb7 55. Kxh5 Rg7 56. g4 Rh7+ 57. Kg6 Rxh3 58. Re2 Re3 59.
Rxb2+ Kxb2 60. f6 Kc3 61. f7 Rf3 62. g5 Kd4 63. Kg7 Ke5 64. g6 Kd5 1-0

[Event "TOP 16 B group"]
[Site "BELFORT"]
[Date "????.??.??"]
[Round "3.6"]
[White "Barbot, Pierre"]
[Black "Lamaze, Simon"]
[Result "0-1"]
[WhiteElo "2454"]
[BlackElo "2424"]
[PlyCount "94"]
[EventDate "2025.05.??"]
[WhiteTeam "GRASSE"]
[BlackTeam "MARSEILLE"]
[WhiteTeamCountry "FRA"]
[BlackTeamCountry "FRA"]

1. d4 Nf6 2. c4 g6 3. Nc3 Bg7 4. e4 d6 5. Bd3 Nc6 6. Nge2 e5 7. d5 Nd4 8. Nxd4
exd4 9. Ne2 O-O 10. O-O Re8 11. f3 c6 12. Bf4 a5 13. Qd2 a4 14. Rac1 c5 15. Ng3
Qc7 16. Bg5 Rb8 17. h3 Nd7 18. f4 f6 19. Bh4 b6 20. Qc2 Ra8 21. e5 dxe5 22.
Bxg6 hxg6 23. Qxg6 Re7 24. Nh5 Rf7 25. Rce1 Nf8 26. Qg3 e4 27. Rxe4 Bf5 28.
Ree1 Ng6 29. Re6 Raf8 30. Rfe1 d3 31. Nxg7 Rxg7 32. Bxf6 d2 33. Rd1 Bxe6 34.
Bxg7 Kxg7 35. Qc3+ Rf6 36. dxe6 Nxf4 37. Rxd2 Nxe6 38. Rd5 Nd4 39. Qe3 Qf4 40.
Rd7+ Kh6 41. Qxf4+ Rxf4 42. Rd6+ Kg5 43. Rxb6 Ne2+ 44. Kh2 Rxc4 45. b3 Rc2 46.
bxa4 c4 47. Rb5+ Kf6 0-1

[Event "TOP 16 B group"]
[Site "BELFORT"]
[Date "????.??.??"]
[Round "3.7"]
[White "Flom, Gabriel"]
[Black "Loiseau, Quentin"]
[Result "1-0"]
[WhiteElo "2454"]
[BlackElo "2400"]
[PlyCount "92"]
[EventDate "2025.05.??"]
[WhiteTeam "MARSEILLE"]
[BlackTeam "GRASSE"]
[WhiteTeamCountry "FRA"]
[BlackTeamCountry "FRA"]

1. e4 c5 2. Nf3 Nc6 3. Bb5 e6 4. Bxc6 bxc6 5. d3 d6 6. e5 f6 7. exd6 Bxd6 8.
Nc3 Ne7 9. Ne4 Nf5 10. Nxd6+ Qxd6 11. O-O O-O 12. Nd2 Qd5 13. Re1 e5 14. b3 Nh4
15. Re4 g5 16. Nc4 f5 17. Rxh4 gxh4 18. Qh5 Ba6 19. Ne3 Qe6 20. Bb2 Rf6 21. Re1
Raf8 22. Qxh4 Rg6 23. f3 Re8 24. Qa4 Bc8 25. Qxa7 e4 26. dxe4 fxe4 27. f4 Qd6
28. Qa5 Qxf4 29. Qc3 Rg5 30. Rf1 Qe5 31. Qxe5 Rgxe5 32. Bxe5 Rxe5 33. a4 Kg7
34. Rf4 Ba6 35. Kf2 c4 36. b4 c3 37. Rf5 Rxf5+ 38. Nxf5+ Kf6 39. Nd4 Ke5 40.
Nxc6+ Kd5 41. b5 Bb7 42. Ke3 h5 43. g3 Ba8 44. h3 Bb7 45. g4 h4 46. g5 Ke6 1-0

[Event "TOP 16 B group"]
[Site "BELFORT"]
[Date "????.??.??"]
[Round "3.8"]
[White "Milliet, Sophie"]
[Black "Delorme, Laurie"]
[Result "1/2-1/2"]
[WhiteElo "2364"]
[BlackElo "2070"]
[PlyCount "76"]
[EventDate "2025.05.??"]
[WhiteTeam "GRASSE"]
[BlackTeam "MARSEILLE"]
[WhiteTeamCountry "FRA"]
[BlackTeamCountry "FRA"]

1. d4 d5 2. c4 e6 3. Nf3 c6 4. g3 dxc4 5. Bg2 b5 6. O-O Bb7 7. b3 cxb3 8. Qxb3
Nf6 9. Rd1 Nbd7 10. Ne5 Qb6 11. Nxd7 Nxd7 12. Nc3 a6 13. a4 Be7 14. Bf4 O-O 15.
Rac1 Rac8 16. Qb1 h6 17. Ne4 c5 18. dxc5 Nxc5 19. Nd6 Bxd6 20. Bxd6 Bxg2 21.
Bxf8 Rxf8 22. Kxg2 Nxa4 23. Qe4 Nb2 24. Rc6 Qb8 25. Ra1 Na4 26. Rxa6 Nc5 27.
Qc6 Nxa6 28. Rxa6 Rc8 29. Rb6 Rxc6 30. Rxb8+ Kh7 31. Rxb5 Rc2 32. e4 g5 33. h3
Kg6 34. Kf3 Rc1 35. Rb8 Rh1 36. Kg2 Re1 37. Kf3 Rh1 38. Kg2 Re1 1/2-1/2

[Event "TOP 16 B group"]
[Site "BELFORT"]
[Date "????.??.??"]
[Round "3.9"]
[White "Schlosser, Philipp"]
[Black "Fridman, Daniel"]
[Result "1/2-1/2"]
[WhiteElo "2472"]
[BlackElo "2584"]
[PlyCount "62"]
[EventDate "2025.05.??"]
[WhiteTeam "BISCHWILLER"]
[BlackTeam "VANDOEUVRE"]
[WhiteTeamCountry "FRA"]
[BlackTeamCountry "FRA"]

1. e4 e6 2. d4 d5 3. Nd2 c5 4. exd5 exd5 5. Ngf3 Nc6 6. Bb5 Qe7+ 7. Be2 Qc7 8.
O-O Nf6 9. Re1 cxd4 10. Nb3 Bb4 11. Bd2 Bxd2 12. Qxd2 O-O 13. Nfxd4 Bd7 14.
Nxc6 bxc6 15. Nc5 Bf5 16. Bd3 Bg6 17. h3 Qd6 18. b4 a5 19. a3 axb4 20. axb4 Nd7
21. Nxd7 Qxd7 22. c3 Bxd3 23. Qxd3 h6 24. Rxa8 Rxa8 25. Qd4 Qd6 26. g3 Qf6 27.
Qxf6 gxf6 28. Rd1 Ra3 29. b5 cxb5 30. Rxd5 Rxc3 31. Rxb5 Kg7 1/2-1/2

[Event "TOP 16 B group"]
[Site "BELFORT"]
[Date "????.??.??"]
[Round "3.10"]
[White "Solodovnichenko, Yuri"]
[Black "Schmider, Niklas"]
[Result "1/2-1/2"]
[WhiteElo "2511"]
[BlackElo "2421"]
[PlyCount "60"]
[EventDate "2025.05.??"]
[WhiteTeam "VANDOEUVRE"]
[BlackTeam "BISCHWILLER"]
[WhiteTeamCountry "FRA"]
[BlackTeamCountry "FRA"]

1. e4 c5 2. Nf3 d6 3. d4 cxd4 4. Nxd4 Nf6 5. Nc3 a6 6. Bg5 Nbd7 7. Bc4 Qb6 8.
O-O Qxb2 9. Nd5 Nxd5 10. Bxd5 Qc3 11. Rb1 e6 12. Bxb7 Rb8 13. Bxc8 Qxc8 14.
Rxb8 Qxb8 15. Qe2 Qb7 16. Nb3 h6 17. Bh4 Be7 18. Bxe7 Kxe7 19. Na5 Qc7 20. Qxa6
Rc8 21. Re1 Qxc2 22. h3 Qd2 23. Rf1 Rc1 24. Nc6+ Kf6 25. Rxc1 Qxc1+ 26. Kh2
Qf4+ 27. Kg1 Qc1+ 28. Kh2 Qf4+ 29. Kg1 Qc1+ 30. Kh2 Qf4+ 1/2-1/2

[Event "TOP 16 B group"]
[Site "BELFORT"]
[Date "????.??.??"]
[Round "3.11"]
[White "Pigeat, Alexandre"]
[Black "Decuigniere, Tom"]
[Result "0-1"]
[WhiteElo "2303"]
[BlackElo "2366"]
[PlyCount "94"]
[EventDate "2025.05.??"]
[WhiteTeam "BISCHWILLER"]
[BlackTeam "VANDOEUVRE"]
[WhiteTeamCountry "FRA"]
[BlackTeamCountry "FRA"]

1. c4 Nf6 2. Nc3 e5 3. g3 Bb4 4. Bg2 O-O 5. Nf3 e4 6. Nd4 Nc6 7. Nxc6 dxc6 8.
Qc2 Bf5 9. a3 Bc5 10. e3 Re8 11. O-O Qd7 12. b4 Bf8 13. Bb2 Rad8 14. Rad1 h5
15. Ne2 Ng4 16. Nd4 Bh7 17. Qc3 Qe7 18. f3 exf3 19. Bxf3 Qg5 20. Bg2 Qh6 21. c5
h4 22. Rf4 hxg3 23. Rxg4 Qxh2+ 24. Kf1 Qh5 25. Rxg3 Qxd1+ 26. Kf2 Bg6 27. Rxg6
fxg6 28. Nf3 Re6 29. Kg3 Rd5 30. Qc4 Qb1 31. Be5 Be7 32. Bh3 Rexe5 33. Nxe5
Qe1+ 34. Kf3 Qd1+ 35. Kg3 Qe1+ 36. Kf3 Qd1+ 37. Kg3 Bh4+ 38. Kxh4 Qh5+ 39. Kg3
Qxe5+ 40. Kf3 Qh5+ 41. Bg4 Qh1+ 42. Kf2 Kh7 43. d4 Qh4+ 44. Kf3 Rd8 45. Qf7
Qf6+ 46. Qxf6 gxf6 47. Be6 Kg7 0-1